| 000 | 00987nam a22002654i 4500 | ||
|---|---|---|---|
| 999 |
_c7734 _d7734 |
||
| 001 | 991060914045906706 | ||
| 003 | OSt | ||
| 005 | 20230518184410.0 | ||
| 008 | 230215s2023 sp 001 0bspa|c | ||
| 017 |
_aDL M 125-2023 _bOficina DL Madrid |
||
| 020 | _a9788417425081 | ||
| 040 |
_aES-BaBAB _bcat _erda _cCDMR |
||
| 100 | 1 | _aGázquez Cano, Míriam, | |
| 245 | 1 | 0 |
_aJuan Ramón Masoliver : _bedición y cultura en la Barcelona de posguerra / _cMíriam Gázquez Cano ; prólogo de Jordi Gracia |
| 264 | 1 |
_aMadrid : _bForcola Ediciones, _c[2023] |
|
| 300 |
_a444 pàgines ; _c21 cm |
||
| 490 | 1 |
_aColección Siglo XX ; _v25 |
|
| 504 | _aInclou notes, bibliografia: pàgines 369-380 i índex | ||
| 600 | 1 | 0 |
_aMasoliver, Juan Ramón _d1910-1997 _2lemac _94039 |
| 650 | 0 | 7 |
_aEdició _zCatalunya _zBarcelona _xHistòria _yS. XX. _2lemac |
| 650 | 0 | 0 |
_aPeriodistes catalans _93139 _vBiografia |
| 830 | 0 |
_aSiglo XX (Fórcola Ediciones) ; _v25 |
|
| 908 |
_aBAB _aUAB _aCOAC _aUB |
||
| 942 |
_2udc _cMON |
||